Pokémon - Les attaques de Stalgamin - Statistiques

Statistiques générales
  • Ce quiz a été pris 11 fois
  • Le résultat moyen est 13 sur 14
Statistiques - réponses
Niveaux Types Noms des attaques % Correct
Niveau 20 Normal Abri
100%
Niveau 60 Glace Blizzard
100%
Départ Spectre Étonnement
100%
Niveau 45 Glace Grêle
100%
Niveau 55 Ténèbres Mâchouille
100%
Niveau 35 Ténèbres Morsure
100%
Départ Glace Poudreuse
100%
Niveau 25 Glace Vent Glace
100%
Niveau 50 Normal Coup d'Boule
88%
Niveau 15 Glace Éclats Glace
88%
Niveau 30 Glace Souffle Glacé
88%
Niveau 40 Glace Crocs Givre
75%
Niveau 5 Normal Groz'Yeux
75%
Niveau 10 Normal Reflet
38%
Aucun quiz correspondant
Distribution des résultats
% des personnes avec chaque résultat
Percentile par nombre de réponses
Votre historique - résultats
Vous n’avez pas pris ce quiz